Svet 90. rokov - svet nezamestnanosti
Problém nezamestnanosti patrí - popri chudobe a sociálnej dezintegrácii - k najzávažnejším súčasným svetovým sociálnym problémom. Vplyv nezamestnanosti na medzinárodný obchod. Analýza problémov zamestnanosti v EÚ. Biela kniha o strednodobej stratégii rastu, konkurencieschopnosti a zamestnanosti.
Salvato in:
| Autore principale: | |
|---|---|
| Natura: | Capitolo di libro |
| Lingua: | slovacco |
| Soggetti: | |
| Tags: |
Nessun Tag, puoi essere il primo ad aggiungerne!!
|
MARC
| LEADER | 00000naa a2200000 4500 | ||
|---|---|---|---|
| 001 | r021767 | ||
| 005 | 20221213100106.3 | ||
| 041 | 0 | |a slo | |
| 044 | |a SK | ||
| 245 | 1 | 0 | |a Svet 90. rokov - svet nezamestnanosti |c Drahoš Šíbl |
| 520 | |a Problém nezamestnanosti patrí - popri chudobe a sociálnej dezintegrácii - k najzávažnejším súčasným svetovým sociálnym problémom. Vplyv nezamestnanosti na medzinárodný obchod. Analýza problémov zamestnanosti v EÚ. Biela kniha o strednodobej stratégii rastu, konkurencieschopnosti a zamestnanosti. | ||
| 610 | 2 | 0 | |a nezamestnanosť |
| 610 | 2 | 0 | |a 1990-1995 |
| 610 | 2 | 0 | |a svet |
| 610 | 2 | 0 | |a MOP |
| 610 | 2 | 0 | |a OECD |
| 610 | 2 | 0 | |a Európska únia |
| 610 | 2 | 0 | |a miera nezamestnanosti |
| 610 | 2 | 0 | |a Biela kniha |
| 100 | 1 | |a Šíbl, Drahoš | |